| 000 | 00492nam a2200169 4500 | ||
|---|---|---|---|
| 020 | _a970-17-0266-2 | ||
| 050 | _aGE105 H4618 1999 | ||
| 082 | _a620.85 H521i | ||
| 100 | _aHenry, J. Glynn | ||
| 245 | _aIngeniería Ambiental / Glynn Henry, J., Gary W. Heinke | ||
| 250 | _a1 / 2 Ingles | ||
| 260 | _aMéxico ; Pearson | ||
| 300 | _axxii, 778p. / 26 cm. | ||
| 500 | _aIncluye ap‚ndice | ||
| 650 | _a1. HIGIENE AMBIENTAL / 2. INGENIERÍA AMBIENTAL | ||
| 700 | _aI. Heinke, Gary W. Coaut. | ||
| 999 |
_c27221 _d27221 |
||